| 000 | 00797nam a2200265Ia 4500 | ||
|---|---|---|---|
| 003 | OSt | ||
| 005 | 20240910160256.0 | ||
| 008 | 210331s9999||||xx |||||||||||||| ||und|| | ||
| 020 | _a9788177057614 | ||
| 040 | _cSTCPL | ||
| 041 | _aMAL | ||
| 082 |
_aM07 _bKAR-M |
||
| 100 |
_aKarim, M A _qഎം എ കരിം |
||
| 245 | 0 |
_aMalayala sahithyathile sulthante katha / _cby M A Karim _hമലയാള സാഹിത്യത്തിലെ സുൽത്താൻ്റെ കഥ |
|
| 260 |
_aThiruvananthapuram : _bPrabhath Book House , _c2017 . |
||
| 300 |
_a219 p. _bPB |
||
| 650 | _aMalayalam literature | ||
| 650 | _aLiterary study | ||
| 650 | _aLiterary essays | ||
| 650 | _aStudy | ||
| 650 | _aResearch | ||
| 650 | _aVaikom Muhammad Basheer | ||
| 942 | _cBK | ||
| 942 | _2ddc | ||
| 999 |
_c73653 _d73653 |
||